| 000 | 00841nam a2200265Ia 4500 | ||
|---|---|---|---|
| 003 | OSt | ||
| 005 | 20220918171222.0 | ||
| 006 | a|||||r|||| 00| 0 | ||
| 007 | ta | ||
| 008 | 220917b |||||||| |||| 00| 0 eng d | ||
| 020 |
_a9781412973298 (pbk) _c2024.66 |
||
| 024 | _a261,821 | ||
| 037 |
_b331, 20/01/2012, Kilaso Books _cTextual |
||
| 040 |
_aARTS _cARTS _beng |
||
| 041 |
_2eng _aeng |
||
| 082 | _aS:86, Q1 | ||
| 100 |
_aWard Colin C. _934841 |
||
| 245 | 0 |
_aStrenght centered counselling _b Integrating postmodern approaches and skills with practice |
|
| 260 |
_aLos Angeles _bAngles Sage U.S.A _c2011 |
||
| 300 |
_axii, 199p. _ccm. |
||
| 650 | _aPSYCHOLOGY | ||
| 700 |
_a Reuter Teri _934842 |
||
| 942 |
_hS:86, Q1 _cTEXL _2CC |
||
| 999 |
_c138387 _d138387 |
||